Quiz o osobach z funkcją. - zaznacz właściwą odpowiedź. - Statystyki

Ogólne statystyki
  • Ten quiz został rozwiązany 47 razy
  • Średni wynik to 7 z 11
Statystyki odpowiedzi
Hint Odpowiedź % Poprawnych
Prezydentem RP jest: Andrzej Duda.
98%
Marszałkiem Sejmu jest: Szymon Hołownia.
95%
Premierem Polski jest: Donald Tusk.
90%
Ministrem Edukacji Narodowej jest: Barbara Nowacka.
71%
Prezesem Rady Ministrów jest: Donald Tusk.
67%
Wiceministrem Edukacji Narodowej jest: Katarzyna Lubnauer.
60%
Marszałkiem Senatu jest: Małgorzata Kidawa-Błońska.
57%
Wiceministrem Aktywów Państwowych jest: Robert Kropiwnicki.
52%
Ministrem Nauki i Szkolnictwa Wyższego jest: Dariusz Wieczorek.
40%
Wiceministrem Nauki i Szkolnictwa Wyższego jest: Marek Gzik.
38%
Ministrem Aktywów Państwowych jest: Borys Budka.
36%
Nie znaleziono quizów pasujących do podanych kryteriów
Rozkład punktacji
Procent ludzi z każdym wynikiem
Percentyl według liczby udzielonych odpowiedzi
Twoja historia wyników
Nie rozwiązałeś tego quizu